<?xml version="1.0" encoding="UTF-8"?><?xml-stylesheet type="text/xsl" href="static/style.xsl"?><OAI-PMH xmlns="http://www.openarchives.org/OAI/2.0/" xmlns:xsi="http://www.w3.org/2001/XMLSchema-instance" xsi:schemaLocation="http://www.openarchives.org/OAI/2.0/ http://www.openarchives.org/OAI/2.0/OAI-PMH.xsd"><responseDate>2026-04-13T04:56:51Z</responseDate><request verb="GetRecord" identifier="oai:www.recercat.cat:2117/445084" metadataPrefix="marc">https://recercat.cat/oai/request</request><GetRecord><record><header><identifier>oai:recercat.cat:2117/445084</identifier><datestamp>2026-02-04T04:46:58Z</datestamp><setSpec>com_2072_1033</setSpec><setSpec>col_2072_452950</setSpec></header><metadata><record xmlns="http://www.loc.gov/MARC21/slim" xmlns:dcterms="http://purl.org/dc/terms/" xmlns:xsi="http://www.w3.org/2001/XMLSchema-instance" xmlns:doc="http://www.lyncode.com/xoai" xsi:schemaLocation="http://www.loc.gov/MARC21/slim http://www.loc.gov/standards/marcxml/schema/MARC21slim.xsd">
   <leader>00925njm 22002777a 4500</leader>
   <datafield ind2=" " ind1=" " tag="042">
      <subfield code="a">dc</subfield>
   </datafield>
   <datafield ind2=" " ind1=" " tag="720">
      <subfield code="a">Mohanty, Kalyani</subfield>
      <subfield code="e">author</subfield>
   </datafield>
   <datafield ind2=" " ind1=" " tag="720">
      <subfield code="a">Alfonso Abella, María Pura</subfield>
      <subfield code="e">author</subfield>
   </datafield>
   <datafield ind2=" " ind1=" " tag="720">
      <subfield code="a">Oliva Moncunill, Josep</subfield>
      <subfield code="e">author</subfield>
   </datafield>
   <datafield ind2=" " ind1=" " tag="720">
      <subfield code="a">Hoffmann Sampaio, Carlos</subfield>
      <subfield code="e">author</subfield>
   </datafield>
   <datafield ind2=" " ind1=" " tag="720">
      <subfield code="a">Anticoi Sudzuki, Hernán Francisco</subfield>
      <subfield code="e">author</subfield>
   </datafield>
   <datafield ind2=" " ind1=" " tag="260">
      <subfield code="c">2025-10-16</subfield>
   </datafield>
   <datafield ind2=" " ind1=" " tag="520">
      <subfield code="a">High-purity quartz (HPQ) is a critical raw material for advanced technologies including semiconductors, photovoltaic cells, and optical fibers. This study reviews the geological occurrence, beneficiation routes, and strategic significance of HPQ within the European context. Quartz processing follows a sequential flowsheet of comminution, magnetic separation, flotation, acid leaching, and thermal treatment, designed to remove mineral impurities such as Fe, Al, Ti, and mica. The resulting ultra-high-purity quartz (UHPQ) achieves the chemical and physical specifications required for high-tech industries. Quartz, which is the most common mineral on Earth, can be found in a variety of geological locations such as granitic rocks and pegmatites in the Variscan Belt, metamorphic quartzites, hydrothermal veins, and Pleistocene periglacial and aeolian sediments. Case studies of European deposits demonstrate that geological origin directly influences processing requirements, and that tailored beneficiation strategies are essential to unlock viable resources. To our knowledge, this is the first Europe-focused synthesis that links these findings with the EU Critical Raw Materials Act, the work that emphasizes the potential for domestic HPQ development to strengthen European supply chain resilience, reduce dependence on imports, and support the transition to a green and digital economy.</subfield>
   </datafield>
   <datafield ind2=" " ind1=" " tag="520">
      <subfield code="a">This research was funded by QUEEN (Quartz Enrichment Enabling Near-Zero Silicon Production Grant Agreement 101178144) and by the Generalitat de Catalunya for the Consolidated Research Groups SGR 01041 (RIIS).</subfield>
   </datafield>
   <datafield ind2=" " ind1=" " tag="520">
      <subfield code="a">Peer Reviewed</subfield>
   </datafield>
   <datafield ind2=" " ind1=" " tag="520">
      <subfield code="a">7 - Energia Assequible i No Contaminant</subfield>
   </datafield>
   <datafield ind2=" " ind1=" " tag="520">
      <subfield code="a">9 - Indústria, Innovació i Infraestructura</subfield>
   </datafield>
   <datafield ind2=" " ind1=" " tag="520">
      <subfield code="a">4 - Educació de Qualitat</subfield>
   </datafield>
   <datafield ind2=" " ind1=" " tag="520">
      <subfield code="a">12 - Producció i Consum Responsables</subfield>
   </datafield>
   <datafield ind2=" " ind1=" " tag="520">
      <subfield code="a">13 - Acció per al Clima</subfield>
   </datafield>
   <datafield ind2=" " ind1=" " tag="520">
      <subfield code="a">Postprint (published version)</subfield>
   </datafield>
   <datafield tag="653" ind2=" " ind1=" ">
      <subfield code="a">Àrees temàtiques de la UPC::Enginyeria civil::Enginyeria de mines::Processament de minerals</subfield>
   </datafield>
   <datafield tag="653" ind2=" " ind1=" ">
      <subfield code="a">Raw materials</subfield>
   </datafield>
   <datafield tag="653" ind2=" " ind1=" ">
      <subfield code="a">Quartz purification technologies</subfield>
   </datafield>
   <datafield tag="653" ind2=" " ind1=" ">
      <subfield code="a">Mineral processing</subfield>
   </datafield>
   <datafield tag="653" ind2=" " ind1=" ">
      <subfield code="a">Europe</subfield>
   </datafield>
   <datafield ind2="0" ind1="0" tag="245">
      <subfield code="a">Perspectives for high-purity quartz from European resources</subfield>
   </datafield>
</record></metadata></record></GetRecord></OAI-PMH>